Pokémon Generation 6(#650 to #721) - Statistics

General Stats
  • This quiz has been taken 149 times
  • The average score is 64 of 72
Answer Stats
No. Type Pokémon % Correct
#650 Grass Chespin
100%
#658 Water/Dark Greninja
100%
#653 Fire Fennekin
98%
#670 Fairy Floette
98%
#656 Water Froakie
98%
#663 Fire/Flying Talonflame
98%
#718 Dragon/Ground Zygarde
98%
#654 Fire Braixen
95%
#652 Grass/Fighting Chesnaught
95%
#655 Fire/Psychic Delphox
95%
#669 Fairy Flabébé
95%
#661 Normal/Flying Fletchling
95%
#671 Fairy Florges
95%
#668 Fire/Normal Pyroar
95%
#716 Fairy Xerneas
95%
#717 Dark/Flying Yveltal
95%
#662 Fire/Flying Fletchinder
93%
#657 Water Frogadier
93%
#707 Steel/Fairy Klefki
93%
#667 Fire/Normal Litleo
93%
#651 Grass Quilladin
93%
#721 Fire/Water Volcanion
93%
#702 Electric/Fairy Dedenne
91%
#719 Rock/Fairy Diancie
91%
#691 Poison/Dragon Dragalge
91%
#706 Dragon Goodra
91%
#720 Psychic/Ghost Hoopa
91%
#700 Fairy Sylveon
91%
#666 Bug/Flying Vivillon
91%
#681 Steel/Ghost Aegislash
89%
#713 Ice Avalugg
89%
#659 Normal Bunnelby
89%
#674 Fighting Pancham
89%
#675 Fighting/Dark Pangoro
89%
#703 Rock/Fairy Carbink
86%
#660 Normal/Ground Diggersby
86%
#680 Steel/Ghost Doublade
86%
#676 Normal Furfrou
86%
#704 Dragon Goomy
86%
#711 Ghost/Grass Gourgeist
86%
#701 Fighting/Flying Hawlucha
86%
#695 Electric/Normal Heliolisk
86%
#694 Electric/Normal Helioptile
86%
#714 Flying/Dragon Noibat
86%
#715 Flying/Dragon Noivern
86%
#664 Bug Scatterbug
86%
#690 Poison/Water Skrelp
86%
#705 Dragon Sliggoo
86%
#665 Bug Spewpa
86%
#709 Ghost/Grass Trevenant
86%
#696 Rock/Dragon Tyrunt
86%
#712 Ice Bergmite
84%
#688 Rock/Water Binacle
84%
#673 Grass Gogoat
84%
#679 Steel/Ghost Honedge
84%
#708 Ghost/Grass Phantump
84%
#710 Ghost/Grass Pumpkaboo
84%
#697 Rock/Dragon Tyrantrum
84%
#683 Fairy Aromatisse
82%
#689 Rock/Water Barbaracle
82%
#686 Dark/Psychic Inkay
82%
#687 Dark/Psychic Malamar
82%
#682 Fairy Spritzee
82%
#698 Rock/Ice Amaura
80%
#699 Rock/Ice Aurorus
80%
#677 Psychic Espurr
80%
#678 Psychic Meowstic
80%
#672 Grass Skiddo
80%
#685 Fairy Slurpuff
77%
#684 Fairy Swirlix
77%
#692 Water Clauncher
75%
#693 Water Clawitzer
75%
No matching quizzes found
Score Distribution
Percent of People with Each Score
Percentile by Number Answered
Your Score History
You have not taken this quiz